Вып. 6 : Физика; История и методология естественных наук

Détails bibliographiques
Parent link:История и методология естественных наук: сборник статей/ Московский государственный университет им. М. В. Ломоносова (МГУ) ; гл. ред. Д. И. Гордеев. Вып. 6 : Физика.— , 1960-1992
Langue:russe
Publié: 1968
Sujets:
Format: MixedMaterials Livre
KOHA link:https://koha.lib.tpu.ru/cgi-bin/koha/opac-detail.pl?biblionumber=160714

MARC

LEADER 00000nam2a2200000 4500
001 160714
005 20231101222216.0
035 |a (RuTPU)RU\TPU\book\174297 
090 |a 160714 
100 |a 20090527d1968 km y0rusy50 ca 
101 0 |a rus 
102 |a RU 
105 |a a z 001zy 
200 0 |a Вып. 6 : Физика 
210 |d 1968 
215 |a 279 с.  |c ил. 
320 |a Именной указатель: с. 271-277 
461 1 |0 (RuTPU)RU\TPU\book\174595  |t История и методология естественных наук  |o сборник статей  |f Московский государственный университет им. М. В. Ломоносова (МГУ) ; гл. ред. Д. И. Гордеев  |v Вып. 6 : Физика  |d 1960-1992 
606 1 |a Физическая наука  |x История  |2 stltpush  |3 (RuTPU)RU\TPU\subj\63824  |9 80761 
606 1 |a Естествознание  |x История  |2 stltpush  |3 (RuTPU)RU\TPU\subj\38880  |9 59129 
610 1 |a методология 
610 1 |a физика 
610 1 |a естественные науки 
675 |a 50  |v 3 
675 |a 53(09)  |v 3 
801 1 |a RU  |b 63413507  |c 20090527  |g PSBO 
801 2 |a RU  |b 63413507  |c 20221115  |g PSBO 
942 |c BK